Online
Catalog

Exilio y memoria en la Era de Trujillo / (Record no. 19852)

MARC details
000 -CABECERA
campo de control de longitud fija 01444nam a2200289 a 4500
001 - NÚMERO DE CONTROL
campo de control 000020348
005 - FECHA Y HORA DE LA ÚLTIMA TRANSACCIÓN
campo de control 20240409073639.0
008 - DATOS DE LONGITUD FIJA--INFORMACIÓN GENERAL
campo de control de longitud fija 100805t2010 dr 001 0 spa d
020 ## - NÚMERO INTERNACIONAL ESTÁNDAR DEL LIBRO
Número Internacional Estándar del Libro 9789945404272
040 ## - FUENTE DE LA CATALOGACIÓN
Centro catalogador/agencia de origen DO-SdBNP
Lengua de catalogación spa
Centro/agencia transcriptor BNPHU
082 ## - NÚMERO DE LA CLASIFICACIÓN DECIMAL DEWEY
Número de clasificación 325.27293
Número de documento/Ítem B715e
100 1# - ENTRADA PRINCIPAL--NOMBRE DE PERSONA
Nombre de persona Bonilla, Walter R.
9 (RLIN) 42997
245 10 - MENCIÓN DE TÍTULO
Título Exilio y memoria en la Era de Trujillo /
Mención de responsabilidad, etc. Walter R. Bonilla.
260 ## - PUBLICACIÓN, DISTRIBUCIÓN, ETC.
Lugar de publicación, distribución, etc. Santo Domingo :
Nombre del editor, distribuidor, etc. Ministerio de Cultura,
Fecha de publicación, distribución, etc. 2010.
300 ## - DESCRIPCIÓN FÍSICA
Extensión 187 p. ;
Dimensiones 23 cm.
490 1# - MENCIÓN DE SERIE
Mención de serie Ediciones de Cultura ;
502 ## - NOTA DE TESIS
Nota de tesis Tesis (Dr.) Universidad de Puerto Rico, Recinto de Río Piedras. Dpto. de Historia, 2006.
504 ## - NOTA DE BIBLIOGRAFÍA, ETC.
Nota de bibliografía, etc. Incluye referencias bibliográficas y notas al pie de páginas.
504 ## - NOTA DE BIBLIOGRAFÍA, ETC.
Nota de bibliografía, etc. Bibliografía : p. 167-187.
505 0# - NOTA DE CONTENIDO CON FORMATO
Información miscelánea Introducción --
Título La memoria traumática de César Romero --
-- La memoria emblemática de Ángel Miolán Romero --
-- La memoria autobiográfica de Germán Ornes --
-- La memoria testimonial de Carolina Minardi --
-- Las memorias de los exiliados antitrujillistas : un final inconcluso --
Información miscelánea Bibliografía.
590 ## - NOTA LOCAL (RLIN)
Nota local Inventariado, 2018/BT
650 #4 - PUNTO DE ACCESO ADICIONAL DE MATERIA--TÉRMINO DE MATERIA
Término de materia o nombre geográfico como elemento de entrada Expatriación
Subdivisión geográfica República Dominicana
Subdivisión cronológica ERA DE TRUJILLO, 1930-1961
9 (RLIN) 42998
650 #4 - PUNTO DE ACCESO ADICIONAL DE MATERIA--TÉRMINO DE MATERIA
Término de materia o nombre geográfico como elemento de entrada Persecuciones políticas
Subdivisión geográfica República Dominicana
9 (RLIN) 28992
651 #4 - PUNTO DE ACCESO ADICIONAL DE MATERIA--NOMBRE GEOGRÁFICO
Nombre geográfico República Dominicana
Subdivisión general Política Y Gobierno
Subdivisión cronológica ERA DE TRUJILLO, 1930-1961
9 (RLIN) 1374
830 #0 - PUNTO DE ACCESO ADICIONAL DE SERIE-TÍTULO UNIFORME
Título uniforme Ediciones de Cultura ;
9 (RLIN) 42999
910 ## - DATOS DE OPCIÓN DEL USUARIO (OCLC)
Datos de opción del usuario Validado. Control de calidad. EMS
Holdings
Estado de retiro Estado de pérdida Restricciones de uso No para préstamo Código de colección Localización permanente Ubicación/localización actual Ubicación en estantería Fecha de adquisición Número de inventario Total de préstamos Signatura topográfica completa Código de barras Fecha visto por última vez Número de copia Precio válido a partir de Tipo de ítem Koha
        Dominicana de Servicio General General Depósito 30.03.2011 LF1   325.27293 B715e 20348-30 25.06.2020 e. 3 25.06.2020 Libro y Folleto Colección Dominicana de Servicio
        Dominicana de Servicio General General Depósito 28.04.2011 LF1   325.27293 B715e 20348-40 25.06.2020 e. 4 25.06.2020 Libro y Folleto Colección Dominicana de Servicio
        Dominicana de Servicio General General Depósito 28.04.2011 LF1   325.27293 B715e 20348-50 25.06.2020 e. 5 25.06.2020 Libro y Folleto Colección Dominicana de Servicio
        Patrimonio Dominicano General General Orden iniciada 16.05.2013 LF1   325.27293 B715e 20348-60 25.06.2020   25.06.2020 Libro y Folleto Colección Patrimonio Dominicano
        Patrimonio Dominicano General General Orden iniciada 16.05.2013 LF1   325.27293 B715e 20348-70 25.06.2020   25.06.2020 Libro y Folleto Colección Patrimonio Dominicano
        Patrimonio Dominicano General General Orden iniciada 16.05.2013 LF1   325.27293 B715e 20348-80 25.06.2020   25.06.2020 Libro y Folleto Colección Patrimonio Dominicano
      Excluido de préstamo Patrimonio Dominicano Patrimonio Dominicano Patrimonio Dominicano Depósito 30.03.2011 LF1   325.27293 B715e 20348-10 25.06.2020   25.06.2020 Libro y Folleto Colección Patrimonio Dominicano
      Excluido de préstamo Patrimonio Dominicano Patrimonio Dominicano Patrimonio Dominicano Depósito 30.03.2011 LF1   325.27293 B715e 20348-20 25.06.2020 e. 2 25.06.2020 Libro y Folleto Colección Patrimonio Dominicano

Powered by Koha